000 00458nam a2200169Ia 4500
008 100226t2006 xxu||||| |||| 00| 0 sin d
041 _asin
080 _aX8s31
_bWAS
100 _aWasalasuriya, Gamini
245 _aසිත රිදුනා පමණයි
246 _aSitha Riduna Pamanai
260 _bKinkini Kriyeshans
_aPannipitiya
_c2006
300 _a296p., 21 cm
942 _cBK
999 _c72711
_d72711
003 LK-CoDNM
040 _aLK-CoDNM
_dLK-CoDNM
_eLK-CoDNM